ბათუმის შოთა რუსთაველის სახელმწიფო უნივერსიტეტის ბიბლიოთეკა

Монетное обращение на территории Абхазии : (ბიბ.ჩანაწერი № 61187)

000 -LEADER
fixed length control field 00711nam a22001697a 4500
005 - DATE AND TIME OF LATEST TRANSACTION
control field 20231229111746.0
008 - FIXED-LENGTH DATA ELEMENTS--GENERAL INFORMATION
fixed length control field 231229s1987 ru ||||| |||| 00| 0 rus d
041 ## - LANGUAGE CODE
Language code of text/sound track or separate title rus
080 ## - UNIVERSAL DECIMAL CLASSIFICATION NUMBER
Universal Decimal Classification number 737 Ш-21
100 ## - MAIN ENTRY--PERSONAL NAME
Personal name Шамба, С. М.
9 (RLIN) 20926
245 ## - TITLE STATEMENT
Title Монетное обращение на территории Абхазии :
Remainder of title (V в. до н.э. - XIII в. н.э.) /
Statement of responsibility, etc. С. М. Шамба
264 ## - PRODUCTION, PUBLICATION, DISTRIBUTION, MANUFACTURE, AND COPYRIGHT NOTICE
Place of production, publication, distribution, manufacture Тбилиси :
Name of producer, publisher, distributor, manufacturer Мецниереба,
Date of production, publication, distribution, manufacture, or copyright notice 1987.
300 ## - PHYSICAL DESCRIPTION
Extent 135 с. :
Other physical details ил.;
Dimensions 20 см.
653 ## - INDEX TERM--UNCONTROLLED
keyword მონეტების ბრუნვა აფხაზეთის ტერიტორიაზე
653 ## - INDEX TERM--UNCONTROLLED
keyword ფულის მიმოქცევა
942 ## - ADDED ENTRY ELEMENTS (KOHA)
Source of classification or shelving scheme
Koha item type წიგნი
ეგზემპლარები
Withdrawn status Lost status Source of classification or shelving scheme Damaged status Not for loan Permanent Location Current Location Shelving location Date acquired Cost, normal purchase price Full call number Barcode Date last seen Copy number Uniform Resource Identifier Price effective from Koha item type Public note
          ბათუმის შოთა რუსთაველის სახელმწიფო უნივერსიტეტის მთავარი ბიბლიოთეკა ბათუმის შოთა რუსთაველის სახელმწიფო უნივერსიტეტის მთავარი ბიბლიოთეკა წიგნსაცავი 2023-12-29 6.00 737 Ш-21 65675 2023-12-29 65675 ბსუ-ს საპატიო დოქტორის გურამ ლორთქიფანიძის საჩუქარი 2023-12-29 წიგნი 6 ლ.